<?xml version="1.0" encoding="UTF-8"?>
<record
    xmlns:xsi="http://www.w3.org/2001/XMLSchema-instance"
    xsi:schemaLocation="http://www.loc.gov/MARC21/slim http://www.loc.gov/standards/marcxml/schema/MARC21slim.xsd"
    xmlns="http://www.loc.gov/MARC21/slim">

  <leader>00800nam a22002777a 4500</leader>
  <controlfield tag="001">1597</controlfield>
  <controlfield tag="003">BR-CuiBMT</controlfield>
  <controlfield tag="005">20231217035141.0</controlfield>
  <controlfield tag="008">231216c2011    prbqr p       0   a1por d</controlfield>
  <datafield tag="022" ind1=" " ind2=" ">
    <subfield code="a">2237-1168</subfield>
  </datafield>
  <datafield tag="040" ind1=" " ind2=" ">
    <subfield code="a">BR-CuiBMT</subfield>
    <subfield code="c">BR-CuiBMT</subfield>
  </datafield>
  <datafield tag="080" ind1=" " ind2=" ">
    <subfield code="2">2007</subfield>
    <subfield code="a">366</subfield>
    <subfield code="x">(05)</subfield>
  </datafield>
  <datafield tag="090" ind1=" " ind2=" ">
    <subfield code="d">Peri&#xF3;dico</subfield>
    <subfield code="a">366(05)</subfield>
  </datafield>
  <datafield tag="097" ind1=" " ind2=" ">
    <subfield code="a">C</subfield>
    <subfield code="b">Direito</subfield>
  </datafield>
  <datafield tag="098" ind1=" " ind2=" ">
    <subfield code="a">102348-9</subfield>
  </datafield>
  <datafield tag="210" ind1="0" ind2="0">
    <subfield code="a">Rev. luso-brasileira direito consumo</subfield>
  </datafield>
  <datafield tag="245" ind1="0" ind2="0">
    <subfield code="a">Revista luso-brasileira de direito do consumo</subfield>
  </datafield>
  <datafield tag="260" ind1=" " ind2=" ">
    <subfield code="a">Curitiba :</subfield>
    <subfield code="b">Bonijuris,</subfield>
    <subfield code="b">J.M.,</subfield>
    <subfield code="c">2011-</subfield>
  </datafield>
  <datafield tag="300" ind1=" " ind2=" ">
    <subfield code="a">v. ;</subfield>
    <subfield code="b">24 cm</subfield>
  </datafield>
  <datafield tag="310" ind1=" " ind2=" ">
    <subfield code="a">Trimestral</subfield>
  </datafield>
  <datafield tag="362" ind1=" " ind2=" ">
    <subfield code="a">Vol. 1, No. 3 (set. 2011)-</subfield>
  </datafield>
  <datafield tag="650" ind1=" " ind2=" ">
    <subfield code="a">Direito do consumidor</subfield>
    <subfield code="v">Peri&#xF3;dicos</subfield>
  </datafield>
  <datafield tag="650" ind1=" " ind2=" ">
    <subfield code="a">Defesa do consumidor</subfield>
    <subfield code="v">Peri&#xF3;dicos</subfield>
  </datafield>
  <datafield tag="650" ind1=" " ind2=" ">
    <subfield code="a">Rela&#xE7;&#xF5;es de consumo</subfield>
    <subfield code="v">Peri&#xF3;dicos</subfield>
  </datafield>
  <datafield tag="942" ind1=" " ind2=" ">
    <subfield code="2">udc</subfield>
    <subfield code="c">REV</subfield>
  </datafield>
  <datafield tag="952" ind1=" " ind2=" ">
    <subfield code="0">0</subfield>
    <subfield code="1">0</subfield>
    <subfield code="2">udc</subfield>
    <subfield code="4">0</subfield>
    <subfield code="7">0</subfield>
    <subfield code="8">CCODE</subfield>
    <subfield code="a">BIBTCEMT</subfield>
    <subfield code="b">BIBTCEMT</subfield>
    <subfield code="d">2023-12-16</subfield>
    <subfield code="h">v. 1, n. 3, set. 2011</subfield>
    <subfield code="l">0</subfield>
    <subfield code="o">Peri&#xF3;dico 366(05)</subfield>
    <subfield code="p">BIBTCEMT23120719</subfield>
    <subfield code="r">2023-12-16</subfield>
    <subfield code="t">Ex. 1</subfield>
    <subfield code="w">2023-12-16</subfield>
    <subfield code="y">REV</subfield>
  </datafield>
  <datafield tag="952" ind1=" " ind2=" ">
    <subfield code="0">0</subfield>
    <subfield code="1">0</subfield>
    <subfield code="2">udc</subfield>
    <subfield code="4">0</subfield>
    <subfield code="7">0</subfield>
    <subfield code="8">CCODE</subfield>
    <subfield code="a">BIBTCEMT</subfield>
    <subfield code="b">BIBTCEMT</subfield>
    <subfield code="d">2023-12-16</subfield>
    <subfield code="h">v. 1, n. 4, dez. 2011</subfield>
    <subfield code="l">0</subfield>
    <subfield code="o">Peri&#xF3;dico 366(05)</subfield>
    <subfield code="p">BIBTCEMT23120725</subfield>
    <subfield code="r">2023-12-17</subfield>
    <subfield code="t">Ex. 1</subfield>
    <subfield code="w">2023-12-16</subfield>
    <subfield code="y">REV</subfield>
  </datafield>
  <datafield tag="952" ind1=" " ind2=" ">
    <subfield code="0">0</subfield>
    <subfield code="1">0</subfield>
    <subfield code="2">udc</subfield>
    <subfield code="4">0</subfield>
    <subfield code="7">0</subfield>
    <subfield code="8">CCODE</subfield>
    <subfield code="a">BIBTCEMT</subfield>
    <subfield code="b">BIBTCEMT</subfield>
    <subfield code="d">2023-12-16</subfield>
    <subfield code="h">v. 2, n. 6, jun. 2012</subfield>
    <subfield code="l">0</subfield>
    <subfield code="o">Peri&#xF3;dico 366(05)</subfield>
    <subfield code="p">BIBTCEMT23120726</subfield>
    <subfield code="r">2023-12-17</subfield>
    <subfield code="t">Ex. 1</subfield>
    <subfield code="w">2023-12-16</subfield>
    <subfield code="y">REV</subfield>
  </datafield>
  <datafield tag="952" ind1=" " ind2=" ">
    <subfield code="0">0</subfield>
    <subfield code="1">0</subfield>
    <subfield code="2">udc</subfield>
    <subfield code="4">0</subfield>
    <subfield code="7">0</subfield>
    <subfield code="8">CCODE</subfield>
    <subfield code="a">BIBTCEMT</subfield>
    <subfield code="b">BIBTCEMT</subfield>
    <subfield code="d">2023-12-16</subfield>
    <subfield code="h">v. 2, n. 7, set. 2012</subfield>
    <subfield code="l">0</subfield>
    <subfield code="o">Peri&#xF3;dico 366(05)</subfield>
    <subfield code="p">BIBTCEMT23120727</subfield>
    <subfield code="r">2023-12-17</subfield>
    <subfield code="t">Ex. 1</subfield>
    <subfield code="w">2023-12-16</subfield>
    <subfield code="y">REV</subfield>
  </datafield>
  <datafield tag="952" ind1=" " ind2=" ">
    <subfield code="0">0</subfield>
    <subfield code="1">0</subfield>
    <subfield code="2">udc</subfield>
    <subfield code="4">0</subfield>
    <subfield code="7">0</subfield>
    <subfield code="8">CCODE</subfield>
    <subfield code="a">BIBTCEMT</subfield>
    <subfield code="b">BIBTCEMT</subfield>
    <subfield code="d">2023-12-16</subfield>
    <subfield code="h">v. 2, n. 8, dez. 2012</subfield>
    <subfield code="l">0</subfield>
    <subfield code="o">Peri&#xF3;dico 366(05)</subfield>
    <subfield code="p">BIBTCEMT23120728</subfield>
    <subfield code="r">2023-12-17</subfield>
    <subfield code="t">Ex. 1</subfield>
    <subfield code="w">2023-12-16</subfield>
    <subfield code="y">REV</subfield>
  </datafield>
  <datafield tag="952" ind1=" " ind2=" ">
    <subfield code="0">0</subfield>
    <subfield code="1">0</subfield>
    <subfield code="2">udc</subfield>
    <subfield code="4">0</subfield>
    <subfield code="7">0</subfield>
    <subfield code="8">CCODE</subfield>
    <subfield code="a">BIBTCEMT</subfield>
    <subfield code="b">BIBTCEMT</subfield>
    <subfield code="d">2023-12-16</subfield>
    <subfield code="h">v. 3, n. 9, mar. 2013</subfield>
    <subfield code="l">0</subfield>
    <subfield code="o">Peri&#xF3;dico 366(05)</subfield>
    <subfield code="p">BIBTCEMT23120729</subfield>
    <subfield code="r">2023-12-17</subfield>
    <subfield code="t">Ex. 1</subfield>
    <subfield code="w">2023-12-16</subfield>
    <subfield code="y">REV</subfield>
  </datafield>
  <datafield tag="952" ind1=" " ind2=" ">
    <subfield code="0">0</subfield>
    <subfield code="1">0</subfield>
    <subfield code="2">udc</subfield>
    <subfield code="4">0</subfield>
    <subfield code="7">0</subfield>
    <subfield code="8">CCODE</subfield>
    <subfield code="a">BIBTCEMT</subfield>
    <subfield code="b">BIBTCEMT</subfield>
    <subfield code="d">2023-12-16</subfield>
    <subfield code="h">v. 3, n. 10, jun. 2013</subfield>
    <subfield code="l">0</subfield>
    <subfield code="o">Peri&#xF3;dico 366(05)</subfield>
    <subfield code="p">BIBTCEMT23120730</subfield>
    <subfield code="r">2023-12-17</subfield>
    <subfield code="t">Ex. 1</subfield>
    <subfield code="w">2023-12-16</subfield>
    <subfield code="y">REV</subfield>
  </datafield>
  <datafield tag="952" ind1=" " ind2=" ">
    <subfield code="0">0</subfield>
    <subfield code="1">0</subfield>
    <subfield code="2">udc</subfield>
    <subfield code="4">0</subfield>
    <subfield code="7">0</subfield>
    <subfield code="8">CCODE</subfield>
    <subfield code="a">BIBTCEMT</subfield>
    <subfield code="b">BIBTCEMT</subfield>
    <subfield code="d">2023-12-16</subfield>
    <subfield code="h">v. 3, n. 11, set. 2013</subfield>
    <subfield code="l">0</subfield>
    <subfield code="o">Peri&#xF3;dico 366(05)</subfield>
    <subfield code="p">BIBTCEMT23120731</subfield>
    <subfield code="r">2023-12-17</subfield>
    <subfield code="t">Ex. 1</subfield>
    <subfield code="w">2023-12-16</subfield>
    <subfield code="y">REV</subfield>
  </datafield>
  <datafield tag="952" ind1=" " ind2=" ">
    <subfield code="0">0</subfield>
    <subfield code="1">0</subfield>
    <subfield code="2">udc</subfield>
    <subfield code="4">0</subfield>
    <subfield code="7">0</subfield>
    <subfield code="8">CCODE</subfield>
    <subfield code="a">BIBTCEMT</subfield>
    <subfield code="b">BIBTCEMT</subfield>
    <subfield code="d">2023-12-16</subfield>
    <subfield code="h">v. 3, n. 12, dez. 2013</subfield>
    <subfield code="l">0</subfield>
    <subfield code="o">Peri&#xF3;dico 366(05)</subfield>
    <subfield code="p">BIBTCEMT23120732</subfield>
    <subfield code="r">2023-12-17</subfield>
    <subfield code="t">Ex. 1</subfield>
    <subfield code="w">2023-12-16</subfield>
    <subfield code="y">REV</subfield>
  </datafield>
  <datafield tag="999" ind1=" " ind2=" ">
    <subfield code="c">1597</subfield>
    <subfield code="d">1597</subfield>
  </datafield>
</record>
